Characters from the Chronicles of Narnia: Prince Caspian - Statistics

General Stats
  • This quiz has been taken 624 times
    427 since last reset
  • The average score is 10 of 17
Answer Stats
Hint Answer % Correct
First to see Aslan Lucy Pevensie
99%
Trusts Lucy sighting of Alsan Edmund Pevensie
96%
Fed up of being treated as kid Peter Pevensie
96%
Created Narnia Aslan
94%
who never returned to Narnia Susan Pevensie
94%
Rightful Telmarine King Prince Caspian
91%
Usurped the throne of the Telmarines Miraz
65%
A fearless warrior mouse Reepicheep
65%
A Red Dwarf Trumpkin
54%
Black Dwarf betrayed Caspian Nikabrik
47%
A Talking Badger Trufflehunter
43%
Half-dwarf and half-human tutor Doctor Cornelius
41%
Tried to resurrect the White Witch Hag
33%
Tried to resurrect the White Witch WereWolf
32%
Caspian's aunt Queen Prunaprismia
27%
A lord of Telmar Lord Glozelle
21%
A lord of Telmar Lord Sopespian
19%
No matching quizzes found
Score Distribution
Percent of People with Each Score
Percentile by Number Answered
Your Score History
You have not taken this quiz since the last reset